000 00287nam a22001217a 4500
008 180213b xxu||||| |||| 00| 0 eng d
041 _aeng
080 _a78
100 _a45
101 _aMUZ
245 _aDiscovering music a course in music appreciation
_cKinney,H.D
942 _2udc
_cBK
999 _c42426
_d42426